00772nam a2200217 i 4500001000700000003000900007005001700016007000300033008004100036100003400077245009800111250001500209260003500224300003000259490002200289700003600311830003000347852003200377999001900409952012600428142068ES-MaACL20230906200434.0t|071002s1959 sp ||||1| spa d1 aWalker, John Charles.911593210aEnfermedades de las hortalizas / cJohn Charles ; versión española Antonio Arnal Verdero. a[1ª ed.]. aBarcelona : bSalvat, c[1959] a624 p. : bil. ; c22 cm.1 aAgrícola Salvat1 aArnal Verderol, Antonio.9230340 aAgrícola Salvat9181573 aES-MaACLjC-17460 bR.44859 c142068d142068 00104070aATENEOMbATENEOMcGaleríad2008-01-17eSCl0oC-17460p1147822r2023-02-23 00:00:00w2023-02-23yMONOGRAFIA